00522cam a2200157 a 4500020001500000020001800015082002700033100002300060245009200083250001200175260006300187300004000250526003700290650001700327650002000344 a0131145606 a978013114560300a624.15136bMCCcNust-21 aMcCarthy, David F.10aEssentials of soil mechanics and foundations :bbasic geotechnics /cDavid F. McCarthy. a7th ed. aUpper Saddle River, N.J. :bPearson/Prentice Hall,cc2017. axiii, 850 p. :bill., map ;c25 cm. a0b0c0d624_151360000000000_MCC 0aFoundations. 0aSoil mechanics.